Slovakia - The Country of Cultural Monuments
Gespeichert in:
| 1. Verfasser: | |
|---|---|
| Weitere Verfasser: | |
| Format: | Buchkapitel |
| Sprache: | Englisch |
| Schlagworte: | |
| Tags: |
Keine Tags, Fügen Sie das erste Tag hinzu!
|
MARC
| LEADER | 00000nla a2200000 4500 | ||
|---|---|---|---|
| 001 | 0190369 | ||
| 005 | 20240502083442.0 | ||
| 041 | 0 | |a eng | |
| 044 | |a UA | ||
| 245 | 1 | 0 | |a Slovakia - The Country of Cultural Monuments |
| 610 | 2 | 0 | |a turistika |
| 610 | 2 | 0 | |a kultúra |
| 610 | 2 | 0 | |a dedičstvo kultúrne |
| 610 | 2 | 0 | |a Slovensko |
| 100 | 1 | |a Hvizdová, Eva, ml. | |
| 700 | 1 | |a Hvizdová, Eva, ml. | |
| 700 | 1 | |a Radvanská, Katarína | |